Cuencas Hidrográficas de Navarra (mapa) - Estadísticas

Estadísticas generales
  • Esta prueba ha sido intentada 30 veces
  • La puntuación promedio es 5 de 13
Respuestas en el mapa
Las respuestas están codificadas por una escala verde-roja en el mapa de la prueba según el % correcto abajo.
 
Estadísticas de respuestas
Cuenca Hidrográfica % Correcto
Cuenca del Ebro
95%
Cuenca del Arga
89%
Cuenca del Aragón
79%
Cuenca del Ega
79%
Cuenca del Bidasoa
74%
Cuenca del Urumea
37%
Cuenca del Alhama
16%
Cuenca del Linares
16%
Cuenca del Nivelle
16%
Cuenca del la Nive
11%
Cuenca del Odrón
11%
Cuenca del Oria
11%
Cuenca del Queles
5%
No se encontraron pruebas coincidentes
Distribución de puntuación
Porcentaje de gente con cada puntuación
Porcentaje por número respondido
Historial de tus puntuaciones
No has intentado esta prueba.